000 01096mam a22003131 4500
001 1761375
003 ARRUPE
005 20150520134959.0
008 760803s1966 miuc b 000 0 eng
010 _a 66013467 //r922
035 _a(OCoLC)ocm00224254
035 _a(NNC)1761375
040 _aDLC
_cWRJ
_dDLC
050 0 0 _aBF161
_b.F4
082 0 0 _a108
100 1 _aFeyerabend, Paul (ed.)
_d1924-1994,
_eeditor.
_913175
245 1 0 _aMind, matter, and method:
_cessays in philosophy and science in honor of Herbert Feigl, edited by Paul K. Feyerabend and Grover Maxwell.
260 _aMinneapolis,
_bUniversity of Minnesota Press
_c[1966]
300 _a524 p.
_bport.
_c24 cm.
504 _aIncludes bibliographies. "Bibliography of the writings of Herbert Feigl., to December 1965": p. 515-518.
600 1 0 _aFeigl, Herbert.
_916641
650 0 _aMind and body.
_914387
650 0 _aMethodology.
_95753
650 0 _aPhysics
_xPhilosophy.
_916642
700 1 _aFeigl, Herbert.
_916643
700 1 _aMaxwell, Grover,
_eeditor.
_916644
942 _2lcc
_cMONOGRAPH
999 _c122516
_d122516